<?xml version="1.0" encoding="UTF-8"?>
<record
    xmlns:xsi="http://www.w3.org/2001/XMLSchema-instance"
    xsi:schemaLocation="http://www.loc.gov/MARC21/slim http://www.loc.gov/standards/marcxml/schema/MARC21slim.xsd"
    xmlns="http://www.loc.gov/MARC21/slim">

  <leader>00844nam a2200229 i 4500</leader>
  <controlfield tag="001">100966</controlfield>
  <controlfield tag="003">ES-MaACL</controlfield>
  <controlfield tag="005">20260126133617.0</controlfield>
  <controlfield tag="007">t|</controlfield>
  <controlfield tag="008">051010s1931    fr           ||||1| fre d</controlfield>
  <datafield tag="100" ind1="1" ind2=" ">
    <subfield code="a">Mauriac, Fran&#xE7;ois,</subfield>
    <subfield code="d">1885-1970</subfield>
    <subfield code="9">79251</subfield>
  </datafield>
  <datafield tag="245" ind1="1" ind2="0">
    <subfield code="a">Ren&#xE9; Bazin </subfield>
    <subfield code="b">: fauteuil XXX / </subfield>
    <subfield code="c">par Fran&#xE7;ois Mauriac ; suivi de Pages in&#xE9;dites / [par Ren&#xE9; Bazin], et de l'histoire du XXXe fauteuil / par Jacques des Gachons.</subfield>
  </datafield>
  <datafield tag="260" ind1=" " ind2=" ">
    <subfield code="a">Paris : </subfield>
    <subfield code="b">F&#xE9;lix Alcan, </subfield>
    <subfield code="c">1931.</subfield>
  </datafield>
  <datafield tag="300" ind1=" " ind2=" ">
    <subfield code="a">96 p., 2 h. con 1 ret. ; </subfield>
    <subfield code="c">19 cm.</subfield>
  </datafield>
  <datafield tag="490" ind1="1" ind2=" ">
    <subfield code="a">Les Quarante ; </subfield>
    <subfield code="v">fauteuil 30</subfield>
  </datafield>
  <datafield tag="600" ind1="1" ind2="4">
    <subfield code="a">Bazin, Ren&#xE9;, </subfield>
    <subfield code="d">1853-1932</subfield>
    <subfield code="9">26752</subfield>
  </datafield>
  <datafield tag="610" ind1="0" ind2="4">
    <subfield code="a">Acad&#xE9;mie fran&#xE7;aise-</subfield>
    <subfield code="v">Historia</subfield>
    <subfield code="9">1234</subfield>
  </datafield>
  <datafield tag="700" ind1="1" ind2=" ">
    <subfield code="a">Des Gachons, Jacques.</subfield>
    <subfield code="9">43811</subfield>
  </datafield>
  <datafield tag="830" ind1="0" ind2=" ">
    <subfield code="a">Les Quarante ; </subfield>
    <subfield code="v">fauteuil 30</subfield>
    <subfield code="9">184582</subfield>
  </datafield>
  <datafield tag="852" ind1=" " ind2=" ">
    <subfield code="a">ES-MaACL</subfield>
    <subfield code="j">C-6876</subfield>
  </datafield>
  <datafield tag="999" ind1=" " ind2=" ">
    <subfield code="c">100966</subfield>
    <subfield code="d">100966</subfield>
  </datafield>
  <datafield tag="952" ind1=" " ind2=" ">
    <subfield code="0">0</subfield>
    <subfield code="1">0</subfield>
    <subfield code="4">0</subfield>
    <subfield code="7">0</subfield>
    <subfield code="a">ATENEOM</subfield>
    <subfield code="b">ATENEOM</subfield>
    <subfield code="c">SPAL</subfield>
    <subfield code="d">2008-01-17</subfield>
    <subfield code="e">SC</subfield>
    <subfield code="l">0</subfield>
    <subfield code="o">C-6876</subfield>
    <subfield code="p">1105417</subfield>
    <subfield code="r">2023-02-23 00:00:00</subfield>
    <subfield code="w">2023-02-23</subfield>
    <subfield code="y">MONOGRAFIA</subfield>
  </datafield>
</record>
